Aadhunik Jaivik Krishi: Jalvayu Parivartan Evam Jaiv Vividhata Ke Sandharbh Mein/ (Record no. 51585)

MARC details
000 -LEADER
fixed length control field 00614nam a22001817a 4500
003 - CONTROL NUMBER IDENTIFIER
control field OSt
008 - FIXED-LENGTH DATA ELEMENTS--GENERAL INFORMATION
fixed length control field 260605b |||||||| |||| 00| 0 eng d
020 ## - INTERNATIONAL STANDARD BOOK NUMBER
International Standard Book Number 9789388020268
082 ## - DEWEY DECIMAL CLASSIFICATION NUMBER
Classification number 631.584
Item number S61A
245 ## - TITLE STATEMENT
Title Aadhunik Jaivik Krishi: Jalvayu Parivartan Evam Jaiv Vividhata Ke Sandharbh Mein/
Remainder of title by Anil Kumar Singh...[et al.]
260 ## - PUBLICATION, DISTRIBUTION, ETC. (IMPRINT)
Place of publication, distribution, etc Delhi:
Name of publisher, distributor, etc Satish Serial Publishing House,
Date of publication, distribution, etc 2018
300 ## - PHYSICAL DESCRIPTION
Extent xvi, 253 p.
650 ## - SUBJECT ADDED ENTRY--TOPICAL TERM
Topical term or geographic name as entry element Agriculture and related technologies
650 ## - SUBJECT ADDED ENTRY--TOPICAL TERM
Topical term or geographic name as entry element Cultivation and harvesting
650 ## - SUBJECT ADDED ENTRY--TOPICAL TERM
Topical term or geographic name as entry element Organic farming / Organic Agriculture
700 ## - ADDED ENTRY--PERSONAL NAME
Personal name Singh, Anil Kumar
942 ## - ADDED ENTRY ELEMENTS (KOHA)
Source of classification or shelving scheme
Koha item type Books
Holdings
Withdrawn status Lost status Source of classification or shelving scheme Damaged status Not for loan Home library Current library Shelving location Date acquired Source of acquisition Cost, normal purchase price Total Checkouts Full call number Barcode Date last seen Bill Date Koha item type Bill Number
          Dr. Rajendra Prasad Central Agricultural University Pusa, Dr. Rajendra Prasad Central Agricultural University Pusa, General Stacks 05/06/2026 Delight Book Agency 1850.00   631.584 S61A 87327 05/06/2026 29/01/2026 Books Bill No. DBS/0262025-2026
Hosted, Implemented, Customized & Maintained by: BestBookBuddies

Powered by Koha